000
00283nam a22001337a 4500
003
SGT
082
_a
616.89
_b
S15O
100
_a
OYEBODE, FEME
245
_a
SIMS SYMPTOMS IN THE MIND
250
_a
5TH
260
_a
INDIA
_b
ELSEVIER
_c
2015
300
_a
388
942
_2
ddc
_c
BK
_0
10
999
_c
15059
_d
15059